| 000 | 00501nam a2200169 a 4500 | ||
|---|---|---|---|
| 001 | 000017970 | ||
| 005 | 20200929165311.0 | ||
| 008 | 100408s2010 dr 001 0 spa d | ||
| 040 |
_aDO-SdBNP _bspa _cBNPHU |
||
| 082 |
_axxxx _bT266b |
||
| 100 | 1 |
_aTejada, william _938965 |
|
| 245 | 1 | 3 |
_aEl buen caminante de América / _cWilliam Tejada. |
| 260 |
_aSanto Domingo : _bPérez Impresos, _c2010. |
||
| 300 |
_a191 p. ; _c22 cm. |
||
| 590 | _aLa biblioteca posee 3 ejemplares autografiado | ||
| 049 | _aBNPD | ||
| 999 |
_c17494 _d17494 |
||